Biggest cities in Phillippines - Statistics

General Stats
  • This quiz has been taken 36 times
  • The average score is 2 of 5
Answer Stats
Hint Answer % Correct
Ma Manila
100%
Qu Quezon City
55%
Da Davao City
39%
Ta Taguig
16%
Co Coloocan
10%
No matching quizzes found
Score Distribution
Percent of People with Each Score
Percentile by Number Answered
Your Score History
You have not taken this quiz